Putera Palembang

Bibliographic Details
Main Author: Abisha Naim
Format: Book
Published: Kuala Lumpur : Jurus Prinsip , 2006
Series:Siri bacaan asas sastera
Subjects:

MARC

LEADER 00000cam a2200000 7i4500
001 0000000113
005 20151222.0
008 070628
020 |a 9833547435 
090 0 0 |a JF   |b MAL (413) 
100 0 |a Abisha Naim 
245 1 0 |a Putera Palembang   |c Abisha Naim 
260 |a Kuala Lumpur :   |b Jurus Prinsip ,   |c 2006 
440 |a Siri bacaan asas sastera 
500 |a Children ages 7-9 years old (orange) 
650 0 |a Junior fiction   |x Malay fiction 
999 |a 0000954110   |b Book   |c Children Collection   |e Perbadanan Perpustakaan Awam Johor 
999 |a 0000954111   |b Book   |c Children Collection   |e Cawangan Segamat 
999 |a 0000954112   |b Book   |c Children Collection   |e Perbadanan Perpustakaan Awam Johor 
999 |a 0000954113   |b Book   |c Children Collection   |e Perbadanan Perpustakaan Awam Johor 
999 |a 0000954114   |b Book   |c Children Collection   |e Perbadanan Perpustakaan Awam Johor